000 00514nam a2200193Ia 4500
005 20250508160834.0
008 008 250505s9999 xx 000 0 eng d
020 _a0-416-78870-X
037 _aTextual
040 _aFEDL
_beng
_cFEDL
041 _aeng
_2eng
084 _a153.12, HER
_qFEDL
100 _aHerriot Peter
245 0 _aAttributes of memory
260 _aLondon, UK
_bMethuen and Co Ltd.
_c1974
300 _ax,205p.
942 _cTEXL
_h153.12, HER
999 _c1366904
_d1366904